| 000 | 00678nam a2200229Ia 4500 | ||
|---|---|---|---|
| 003 | OSt | ||
| 005 | 20230518162212.0 | ||
| 008 | 210423s2011 xx 000 0 und d | ||
| 020 | _a0-8493-7193-7 | ||
| 040 | _cAL | ||
| 041 | _aeng | ||
| 082 |
_a615.1 NIAH _223 |
||
| 100 |
_aNIAZI (Sarfaraz K). _9108993 |
||
| 245 | _aHandbook of preformulation: chemical biological and botanical drugs. | ||
| 260 |
_aNew York _bInforma healthcare _c2011 |
||
| 300 |
_axv,446 _bPB |
||
| 365 |
_b3995 _cINR |
||
| 650 |
_aMedical Sciences _9108994 |
||
| 650 |
_aPharmacology _9108995 |
||
| 906 | _abiological ; botanical ; chemical ; drugs. ; Handbook ; preformulation: | ||
| 942 |
_2ddc _cBK |
||
| 999 |
_c165180 _d165180 |
||